| 000 | 01075 a2200325 4500 | ||
|---|---|---|---|
| 005 | 20250829102203.0 | ||
| 008 | 250829b |||||||| |||| 00| 0 eng d | ||
| 022 | _a18577881 | ||
| 022 | _a18577431 | ||
| 041 | _aFr | ||
| 041 | _aEn | ||
| 044 | _aCIV | ||
| 090 | _bDG/N/1653 | ||
| 100 | _aBAHAN, Franck Michael Lemonou | ||
| 100 | _aADOU, Kouassi Pla | ||
| 110 | _aCentre National de Recherche Agronomique | ||
| 110 | _bCote d'Ivoire | ||
| 245 |
_aInfluence des doses de roche phosphatee et/ou de superphosphate triple sur les rendements du riz _bde bas-fonds affectes par l'acidite dans le centre-ouest de la Cote d'Ivoire |
||
| 260 | _aESJ Natural/Life/Medical Sciences | ||
| 260 | _bCNRA | ||
| 260 | _b | ||
| 260 | _b | ||
| 302 | _a p.143-162 | ||
| 388 | _a2025-08-29 | ||
| 650 | _2AGROVOC | ||
| 650 |
_gRiz _2AGROVOC |
||
| 650 |
_gAmendement _2AGROVOC |
||
| 650 |
_gphosphate _2AGROVOC |
||
| 856 | _uhttps://ftech.byethost7.com/wp-content/uploads/2025/08/DGA1653.pdf | ||
| 999 |
_c5974 _d5974 |
||